ბათუმის შოთა რუსთაველის სახელმწიფო უნივერსიტეტის ბიბლიოთეკა

Химическое сопротивление материалов. (ბიბ.ჩანაწერი № 38370)

000 -LEADER
fixed length control field 00708nam a2200217Ia 4500
001 - CONTROL NUMBER
control field 4380
003 - CONTROL NUMBER IDENTIFIER
control field GE_BSU
008 - FIXED-LENGTH DATA ELEMENTS--GENERAL INFORMATION
fixed length control field 181216s||||||||xx |||||||||||||| ||und||
040 ## - CATALOGING SOURCE
Transcribing agency GE_BSU
080 ## - UNIVERSAL DECIMAL CLASSIFICATION NUMBER
Universal Decimal Classification number 620.193:66(03)
100 ## - MAIN ENTRY--PERSONAL NAME
Personal name Сухотин,А.М. Зотиков,В.С.
245 ## - TITLE STATEMENT
Title Химическое сопротивление материалов.
245 ## - TITLE STATEMENT
Remainder of title Справочник.
245 ## - TITLE STATEMENT
Statement of responsibility, etc. Ред. С.Л. Тамарченко. Под редакцией А.М. Сухотина
260 ## - PUBLICATION, DISTRIBUTION, ETC.
Place of publication, distribution, etc. Л.
260 ## - PUBLICATION, DISTRIBUTION, ETC.
Name of publisher, distributor, etc. Химия.
260 ## - PUBLICATION, DISTRIBUTION, ETC.
Date of publication, distribution, etc. 1975.
300 ## - PHYSICAL DESCRIPTION
Extent 408 стр с илл. 22 см.
653 ## - INDEX TERM--UNCONTROLLED
Uncontrolled term Химическое сопротивление материалов.
942 ## - ADDED ENTRY ELEMENTS (KOHA)
Koha item type წიგნი
ეგზემპლარები
Withdrawn status Lost status Damaged status Not for loan Date acquired Barcode Date last seen Price effective from Koha item type Public note
        2018-12-17 9598 2018-12-17 2018-12-17 წიგნი საცავი